[Event "Lichtenrader Herbst"]
[Site "Berlin-Lichtenrade"]
[Date "2015.10.25"]
[Round "2.8"]
[White "Heerde, Thomas"]
[Black "Solys, Laimutis"]
[Result "0-1"]
[WhiteElo "1988"]
[BlackElo "2344"]
[PlyCount "136"]
[EventDate "2015.??.??"]
[WhiteTeam "SC Weisse Dame (Berlin)"]
[BlackTeam "Kaunas Margiris"]

1. Nf3 d5 2. g3 Nf6 3. Bg2 c5 4. O-O Nc6 5. d3 e5 6. e4 Be7 7. Nc3 Be6 8. Ng5
Bg4 9. f3 Bh5 10. Nh3 dxe4 11. dxe4 Qxd1 12. Nxd1 O-O 13. Ne3 Rfd8 14. Nf2 Nd4
15. Nd3 Nxc2 16. Nxe5 Nxa1 17. g4 Bg6 18. h4 h6 19. b3 Ne8 20. Bb2 Nxb3 21.
axb3 Bxh4 22. f4 Bf6 23. f5 Bxe5 24. Bxe5 f6 25. Bf4 Bf7 26. Nd5 Kf8 27. Kf2
Rac8 28. Ra1 a6 29. Re1 Rc6 30. Be3 Rdc8 31. Ke2 Nd6 32. Nf4 R6c7 33. Nd5 Bxd5
34. exd5 c4 35. b4 Re7 36. Kf3 Ke8 37. Bf1 Re5 38. Rd1 c3 39. Bc5 c2 40. Rc1
Rxd5 41. Rxc2 Kd7 42. Ra2 Re8 43. Bg2 Ree5 44. Rc2 Rxc5 45. bxc5 Ne4 46. c6+
bxc6 47. Kf4 Nc5 48. Kg3 a5 49. Kh4 a4 50. Kh5 Kd6 51. Kg6 Re7 52. Ra2 Kc7 53.
Kh7 Kb6 54. Bf1 Ka5 55. Bc4 Kb4 56. Bg8 Nd3 57. Kg6 Ne5+ 58. Kh5 a3 59. Ra1 Ra7
60. Ba2 Kc3 61. Rb1 c5 62. Rb3+ Kc2 63. Rb5 c4 64. Rb8 Rd7 65. Rc8 Kb2 66. Bxc4
Nxc4 67. Rxc4 a2 68. Rb4+ Ka3 0-1

[Event "Lichtenrader Herbst"]
[Site "Berlin-Lichtenrade"]
[Date "2015.10.25"]
[Round "2.9"]
[White "Meister, Jakob"]
[Black "Wierzbicki, Jirawat"]
[Result "1-0"]
[WhiteElo "2437"]
[BlackElo "2031"]
[PlyCount "117"]
[EventDate "2015.??.??"]
[WhiteTeam "SK Zehlendorf"]
[BlackTeam "SK König Tegel"]

1. c4 e5 2. e3 Nf6 3. Nc3 g6 4. g4 h6 5. Bg2 Bg7 6. h3 c6 7. Nf3 Qe7 8. b3 d5
9. cxd5 cxd5 10. Nb5 Qd7 11. a4 Nc6 12. Ba3 Bf8 13. Bxf8 Kxf8 14. d4 e4 15. Nd2
Kg7 16. O-O a6 17. Nc3 h5 18. g5 Nh7 19. h4 Ne7 20. f3 Nf5 21. Qe1 exf3 22.
Nxf3 f6 23. Bh3 Qd6 24. gxf6+ Nxf6 25. Bxf5 Bxf5 26. Ne5 Rae8 27. Ne2 Ng4 28.
Nxg4 Bxg4 29. Nf4 Rhf8 30. Rc1 Rc8 31. Qd2 Rc6 32. b4 Qd8 33. Qf2 Rcf6 34. Qg3
b6 35. Rf2 Qe8 36. a5 bxa5 37. bxa5 Qe4 38. Rb2 Re8 39. Rb7+ Rf7 40. Rxf7+ Kxf7
41. Ng2 Re7 42. Kh2 Kg7 43. Rf1 Rb7 44. Rf2 Rd7 45. Qf4 Qe7 46. Kg3 Bf5 47. Rb2
Rb7 48. Rxb7 Qxb7 49. Qe5+ Kf7 50. Nf4 Be4 51. Ne6 Qd7 52. Ng5+ Kg8 53. Qe6+
Qxe6 54. Nxe6 Bd3 55. Kf4 Kf7 56. Ke5 Bc4 57. Nf4 g5 58. hxg5 h4 59. Kf5 1-0

[Event "Lichtenrader Herbst"]
[Site "Berlin-Lichtenrade"]
[Date "2015.10.25"]
[Round "2.10"]
[White "Shapiro, Yosip"]
[Black "Bruedigam, Martin"]
[Result "0-1"]
[WhiteElo "2099"]
[BlackElo "2375"]
[PlyCount "48"]
[EventDate "2015.??.??"]
[WhiteTeam "SV Berolina Mitte"]
[BlackTeam "SK König Tegel"]

1. Nf3 c5 2. c4 Nc6 3. Nc3 g6 4. g3 Bg7 5. Bg2 d6 6. O-O Bf5 7. d3 Qd7 8. Nd5
Nf6 9. Rb1 O-O 10. a3 Nxd5 11. cxd5 Nd4 12. Nxd4 cxd4 13. e4 dxe3 14. fxe3 Bg4
15. Bf3 Bxf3 16. Qxf3 Rac8 17. e4 Rc2 18. Be3 a6 19. Rf2 Rxf2 20. Qxf2 f5 21.
Qd2 fxe4 22. dxe4 Qa4 23. Qd3 Rf3 24. Kg2 Rxe3 0-1

[Event "Lichtenrader Herbst"]
[Site "Berlin-Lichtenrade"]
[Date "2015.10.25"]
[Round "2.11"]
[White "Muse, Mladen"]
[Black "Gucaga, Augustas"]
[Result "1-0"]
[WhiteElo "2380"]
[BlackElo "1916"]
[PlyCount "53"]
[EventDate "2015.??.??"]
[WhiteTeam "SK König Tegel"]
[BlackTeam "Kaunas Margiris"]

1. Nf3 Nf6 2. g3 g6 3. b3 Bg7 4. Bb2 O-O 5. Bg2 d5 6. c4 e6 7. O-O b6 8. d4 Bb7
9. Nbd2 Nbd7 10. Rc1 c5 11. cxd5 exd5 12. Rc2 Re8 13. Re1 Ne4 14. Qa1 Qe7 15.
dxc5 Bxb2 16. Qxb2 bxc5 17. Nxe4 dxe4 18. Nd2 Nb6 19. e3 Nd7 20. Nc4 Bd5 21.
Rd1 Bxc4 22. Rxc4 f5 23. Qa3 Rad8 24. Qc1 Kg7 25. b4 cxb4 26. Rc7 Kh6 27. Qd2
1-0

[Event "Lichtenrader Herbst"]
[Site "Berlin-Lichtenrade"]
[Date "2015.10.25"]
[Round "2.12"]
[White "Lazaravicius, Aras Jonas"]
[Black "Chkhaidze, Nikoloz"]
[Result "0-1"]
[WhiteElo "1914"]
[BlackElo "2323"]
[PlyCount "70"]
[EventDate "2015.??.??"]
[WhiteTeam "Kaunas Margiris"]

1. d4 Nf6 2. c4 g6 3. Nf3 Bg7 4. g3 c5 5. Bg2 cxd4 6. Nxd4 Nc6 7. Nxc6 bxc6 8.
O-O O-O 9. Qc2 d5 10. Nc3 d4 11. Ne4 Bf5 12. Nxf6+ Bxf6 13. Be4 Bxe4 14. Qxe4
Qb6 15. Qd3 a5 16. Rb1 h5 17. h3 Rfe8 18. g4 Qc5 19. b3 Kg7 20. f4 e6 21. g5
Be7 22. Bb2 Rad8 23. Rbd1 e5 24. fxe5 Bxg5 25. Qf3 Qxe5 26. Qxf7+ Kh6 27. Bc1
Bxc1 28. Rxc1 Rf8 29. Qb7 Qg3+ 30. Kh1 Qxh3+ 31. Kg1 Qe3+ 32. Kh1 Rf4 33. Qxc6
Qh3+ 34. Kg1 Rg4+ 35. Kf2 Qg3# 0-1

[Event "Lichtenrader Herbst"]
[Site "Berlin-Lichtenrade"]
[Date "2015.10.25"]
[Round "2.13"]
[White "Muse, Drazen"]
[Black "Flohr, Marcel"]
[Result "1-0"]
[WhiteElo "2393"]
[BlackElo "1914"]
[PlyCount "75"]
[EventDate "2015.??.??"]
[WhiteTeam "SK König Tegel"]

1. d4 Nf6 2. c4 g5 3. Bxg5 Ne4 4. Bf4 Bg7 5. f3 Nd6 6. e4 Nc6 7. Be3 e5 8. d5
Nd4 9. c5 Nxe4 10. fxe4 Qh4+ 11. Kd2 Qxe4 12. Nc3 Qg6 13. Nf3 Nf5 14. Bf2 Bh6+
15. Ke1 Qg7 16. Ne4 b6 17. Ng3 Nxg3 18. Bxg3 O-O 19. d6 c6 20. Bc4 Bf4 21. Bxf4
exf4 22. Qd4 Qxd4 23. Nxd4 Re8+ 24. Kd2 Re4 25. Kc3 b5 26. Rae1 Rxe1 27. Rxe1
bxc4 28. Nf5 Ba6 29. Re7 Rf8 30. Rxd7 Bc8 31. Ne7+ Kg7 32. Nxc8 Rxc8 33. Rc7
Rd8 34. Rxc6 Kf6 35. Rc7 a5 36. Kxc4 Rg8 37. d7 Ke7 38. Rc8 1-0

[Event "Lichtenrader Herbst"]
[Site "Berlin-Lichtenrade"]
[Date "2015.10.25"]
[Round "2.14"]
[White "Lyell, Mark"]
[Black "Jaeger, Andre"]
[Result "1-0"]
[WhiteElo "2285"]
[BlackElo "1969"]
[PlyCount "77"]
[EventDate "2015.??.??"]
[BlackTeam "SC Rochade (Berlin)"]

1. e4 c5 2. c3 Nf6 3. e5 Nd5 4. Nf3 e6 5. d4 cxd4 6. cxd4 d6 7. Bc4 Nb6 8. Bd3
Bd7 9. Nc3 Bc6 10. O-O N8d7 11. Bf4 dxe5 12. dxe5 Nc5 13. Be2 Qxd1 14. Rfxd1
Nd5 15. Nxd5 Bxd5 16. Bb5+ Nd7 17. Rxd5 exd5 18. e6 fxe6 19. Ne5 Rd8 20. Nxd7
Rxd7 21. Rc1 a6 22. Bxd7+ Kxd7 23. Rc7+ Ke8 24. Rxb7 Be7 25. Rb8+ Bd8 26. Ra8
Rf8 27. Be5 Rf7 28. Rxa6 Bc7 29. Bxc7 Rxc7 30. Rxe6+ Kd7 31. Re1 Rc2 32. Rb1 d4
33. Kf1 Kc6 34. a4 Kd5 35. a5 d3 36. a6 d2 37. Rd1 Rxb2 38. Ke2 Kc6 39. Rxd2
1-0

[Event "Lichtenrader Herbst"]
[Site "Berlin-Lichtenrade"]
[Date "2015.10.25"]
[Round "2.15"]
[White "Flohr, Dennis"]
[Black "Lerch, Philipp"]
[Result "0-1"]
[WhiteElo "1900"]
[BlackElo "2307"]
[PlyCount "98"]
[EventDate "2015.??.??"]
[BlackTeam "SC Kreuzberg"]

1. d4 Nf6 2. Bf4 e6 3. e3 c5 4. c3 d5 5. Nd2 Nc6 6. Bd3 Bd6 7. Bg3 e5 8. dxe5
Nxe5 9. Bc2 Qb6 10. Rb1 O-O 11. Ngf3 Nxf3+ 12. gxf3 Bb8 13. O-O Be6 14. a4 a5
15. b3 Bxg3 16. fxg3 Rad8 17. Qe2 Rfe8 18. c4 d4 19. Ne4 Nxe4 20. fxe4 Qd6 21.
Rfd1 Qe5 22. exd4 cxd4 23. Rd2 h5 24. Rf1 Bg4 25. Qf2 f6 26. Kg2 d3 27. Bxd3
Qc3 28. h3 Rxd3 29. Rxd3 Qxd3 30. hxg4 Qxe4+ 31. Qf3 hxg4 32. Qxe4 Rxe4 33. Kf2
Kf7 34. Rd1 Ke7 35. Rh1 Kd6 36. Rd1+ Kc7 37. Rd5 b6 38. Rh5 Kc6 39. Rd5 Re5 40.
Rd8 Rf5+ 41. Ke2 Rf3 42. Rg8 Rxb3 43. Rxg7 Rxg3 44. Rg6 Kc5 45. Rxf6 Rf3 46.
Rg6 Rc3 47. Rxg4 Rxc4 48. Rg5+ Kc6 49. Rg6+ Kb7 0-1

[Event "Lichtenrader Herbst"]
[Site "Berlin-Lichtenrade"]
[Date "2015.10.25"]
[Round "2.16"]
[White "Rietze, Clemens"]
[Black "Ziese, Gerhard"]
[Result "1-0"]
[WhiteElo "2279"]
[BlackElo "1979"]
[PlyCount "71"]
[EventDate "2015.??.??"]
[WhiteTeam "SC Rotation Pankow"]
[BlackTeam "SG Turm Leipzig"]

1. d4 Nf6 2. c4 c5 3. d5 b5 4. cxb5 a6 5. bxa6 g6 6. Nc3 Bxa6 7. e4 Bxf1 8.
Kxf1 d6 9. Nge2 Bg7 10. h3 O-O 11. Kg1 Nbd7 12. Kh2 Qa5 13. Qc2 Rfb8 14. Rd1
Ne8 15. Bg5 Ndf6 16. Rab1 Nc7 17. b3 Na6 18. a4 Nb4 19. Qd2 Qd8 20. Nc1 Nd7 21.
Nb5 Nb6 22. Na3 Qd7 23. Nd3 Nc8 24. Nxb4 Rxb4 25. Qc2 Rab8 26. Bd2 R4b7 27. Nc4
Na7 28. Na5 Rb6 29. Nc4 R6b7 30. Be3 Qc7 31. f4 Rb4 32. Bd2 R4b7 33. Na5 Rb6
34. b4 Bd4 35. b5 Bf6 36. Nc4 1-0

[Event "Lichtenrader Herbst"]
[Site "Berlin-Lichtenrade"]
[Date "2015.10.25"]
[Round "2.17"]
[White "Hesse, Henrik"]
[Black "Foerster, Jonas"]
[Result "0-1"]
[WhiteElo "1896"]
[BlackElo "2261"]
[PlyCount "88"]
[EventDate "2015.??.??"]
[WhiteTeam "SV Mattnetz Berlin"]
[BlackTeam "SSC Rostock"]

1. c4 e5 2. Nc3 Nf6 3. Nf3 Nc6 4. g3 Bb4 5. Bg2 O-O 6. O-O Re8 7. a3 Bxc3 8.
bxc3 e4 9. Ne1 d6 10. Nc2 Ne5 11. Ne3 c6 12. d4 Neg4 13. h3 Nxe3 14. Bxe3 Qa5
15. Qb3 Qh5 16. g4 Qg6 17. Qb4 h5 18. Qxd6 hxg4 19. hxg4 Bxg4 20. Rae1 Rad8 21.
Qh2 Be6 22. c5 Nd5 23. Bd2 f5 24. Rb1 Rd7 25. Rb2 Rf7 26. e3 Nf6 27. Rfb1 Bc8
28. Kf1 Ng4 29. Qh4 f4 30. exf4 e3 31. Bxe3 Rxe3 32. fxe3 Nxe3+ 33. Kg1 Nxg2
34. Qg5 Nxf4 35. Qxg6 Nxg6 36. c4 Nf4 37. Rd2 Be6 38. Rdb2 Bxc4 39. Rxb7 Ne2+
40. Kg2 Bd5+ 41. Kh2 Rf2+ 42. Kh3 Be6+ 43. Kh4 Rf4+ 44. Kh5 Ng3+ 0-1

[Event "Lichtenrader Herbst"]
[Site "Berlin-Lichtenrade"]
[Date "2015.10.25"]
[Round "2.18"]
[White "Gruzmann, Boris"]
[Black "Schmalzried, Volker"]
[Result "1-0"]
[WhiteElo "2250"]
[BlackElo "1875"]
[PlyCount "51"]
[EventDate "2015.??.??"]
[WhiteTeam "Lübecker SV"]

1. e4 c5 2. Nf3 Nc6 3. d4 cxd4 4. Nxd4 g6 5. Nc3 Bg7 6. Be3 Nf6 7. Bc4 O-O 8.
Bb3 d6 9. f3 Bd7 10. Qd2 a6 11. g4 Nxd4 12. Bxd4 b5 13. h4 b4 14. Nd5 Nxd5 15.
Bxg7 Kxg7 16. Bxd5 Rb8 17. h5 Rh8 18. O-O-O f6 19. g5 e5 20. Rdg1 f5 21. f4
fxe4 22. fxe5 Bf5 23. exd6 Qb6 24. Qf4 Rhe8 25. hxg6 hxg6 26. Rh7+ 1-0

[Event "Lichtenrader Herbst"]
[Site "Berlin-Lichtenrade"]
[Date "2015.10.25"]
[Round "2.19"]
[White "Racik, Marek"]
[Black "Schnabel, Ralf"]
[Result "0-1"]
[WhiteElo "1883"]
[BlackElo "2241"]
[PlyCount "68"]
[EventDate "2015.??.??"]
[WhiteTeam "SV Berolina Mitte"]
[BlackTeam "ESV Nickelhütte Aue"]

1. d4 f5 2. g3 Nf6 3. Bg2 g6 4. b3 Bg7 5. Bb2 O-O 6. Nf3 d6 7. c4 c6 8. O-O e5
9. dxe5 Ng4 10. Qc2 Nxe5 11. Rd1 Qe7 12. Nc3 Na6 13. a3 Be6 14. Nd4 Bf7 15. e4
fxe4 16. Nxe4 d5 17. Nd2 dxc4 18. bxc4 Rad8 19. Re1 Qc7 20. f4 Nxc4 21. Nxc4
Bxd4+ 22. Bxd4 Rxd4 23. Ne3 Qd6 24. Rad1 Nc5 25. Qc3 Rd8 26. Ng4 h5 27. Rxd4
Qxd4+ 28. Qxd4 Rxd4 29. Ne5 Kg7 30. h3 Bd5 31. Nf3 Re4 32. Rd1 Re3 33. Kf2 Rxa3
34. Ne5 Ra2+ 0-1

[Event "Lichtenrader Herbst"]
[Site "Berlin-Lichtenrade"]
[Date "2015.10.25"]
[Round "2.20"]
[White "Krefenstein, Sergej"]
[Black "Schmidt, Juergen"]
[Result "1-0"]
[WhiteElo "2205"]
[BlackElo "1956"]
[PlyCount "95"]
[EventDate "2015.??.??"]
[WhiteTeam "TuS Makkabi Berlin"]
[BlackTeam "SC Kreuzberg"]

1. e4 e5 2. Nf3 Nc6 3. Bb5 a6 4. Ba4 Nf6 5. O-O b5 6. Bb3 Be7 7. Re1 O-O 8. h3
d6 9. c3 Nb8 10. d4 Nbd7 11. Nbd2 Bb7 12. Bc2 Re8 13. Nf1 Bf8 14. Ng3 g6 15. d5
c6 16. dxc6 Bxc6 17. Bg5 Qc7 18. Qd2 d5 19. exd5 Bxd5 20. Ne4 Bxe4 21. Bxe4
Nxe4 22. Rxe4 Bg7 23. Rae1 Re6 24. Rd1 Nf8 25. h4 Qc6 26. Ree1 f6 27. Bh6 Ra7
28. Qe3 Rd6 29. Qxa7 Bxh6 30. Qe7 Rxd1 31. Rxd1 Bg7 32. Qd6 Qc8 33. Qd5+ Kh8
34. Qf7 e4 35. Ne1 Qc5 36. Nc2 b4 37. Qd5 Qe7 38. cxb4 f5 39. Qd8 Qf7 40. b3 h6
41. Qa8 Qf6 42. Nd4 Qd6 43. Qc6 Qd8 44. Qc4 Qxh4 45. Ne6 Be5 46. g3 Qe7 47.
Nxf8 Qxf8 48. Qe6 1-0

[Event "Lichtenrader Herbst"]
[Site "Berlin-Lichtenrade"]
[Date "2015.10.26"]
[Round "3.1"]
[White "Prilleltensky, Matan"]
[Black "Danin, Alexandre"]
[Result "1/2-1/2"]
[WhiteElo "2150"]
[BlackElo "2579"]
[PlyCount "71"]
[EventDate "2015.??.??"]
[WhiteTeam "Marshall Chess Club"]
[BlackTeam "Bochumer SV"]

1. d4 Nf6 2. c4 g6 3. Nc3 d5 4. Bg5 Ne4 5. Bh4 Nxc3 6. bxc3 dxc4 7. e3 Be6 8.
Nf3 Bg7 9. Be2 Nd7 10. O-O Nb6 11. a4 a5 12. Qc2 O-O 13. Rfb1 Bd7 14. Nd2 Qe8
15. Nxc4 Bxa4 16. Qa2 Nd5 17. Qa3 Bc6 18. Bg3 b6 19. Ne5 Bxe5 20. Bxe5 Qd7 21.
e4 Nf6 22. f3 Rfc8 23. d5 Bb7 24. c4 Ba6 25. Bb2 Ne8 26. Qc3 f6 27. e5 Qf5 28.
Qa3 fxe5 29. Qxe7 Qf6 30. Qxe5 Qxe5 31. Bxe5 Nd6 32. Bxd6 cxd6 33. Rxb6 Bxc4
34. Bxc4 Rxc4 35. Rxd6 a4 36. Rc6 1/2-1/2

[Event "Lichtenrader Herbst"]
[Site "Berlin-Lichtenrade"]
[Date "2015.10.26"]
[Round "3.2"]
[White "Kovalev, Andrei"]
[Black "Krefenstein, Sergej"]
[Result "1-0"]
[WhiteElo "2534"]
[BlackElo "2205"]
[PlyCount "43"]
[EventDate "2015.??.??"]
[BlackTeam "TuS Makkabi Berlin"]

1. e4 e5 2. Nf3 Nc6 3. Bb5 Nge7 4. Nc3 g6 5. d4 exd4 6. Nd5 Bg7 7. Bg5 h6 8.
Bf6 Bxf6 9. Nxf6+ Kf8 10. O-O a6 11. Bc4 Na5 12. Qxd4 Nxc4 13. Qxc4 Ng8 14. Nd5
c6 15. Qb4+ Ne7 16. Nb6 Rb8 17. Rad1 Qc7 18. Rd6 Kg7 19. Qd4+ Kg8 20. Nxd7 Ra8
21. Nf6+ Kf8 22. Rd8+ 1-0

[Event "Lichtenrader Herbst"]
[Site "Berlin-Lichtenrade"]
[Date "2015.10.26"]
[Round "3.3"]
[White "Lagunow, Raphael"]
[Black "Kasparov, Sergey"]
[Result "0-1"]
[WhiteElo "2164"]
[BlackElo "2482"]
[PlyCount "66"]
[EventDate "2015.??.??"]
[WhiteTeam "SK Zehlendorf"]

1. e4 d5 2. exd5 Qxd5 3. Nc3 Qd6 4. d4 Nf6 5. Nf3 c6 6. g3 Bf5 7. Bg2 e6 8. O-O
h6 9. a3 Be7 10. Bf4 Qd8 11. Qe2 Nbd7 12. Rad1 O-O 13. Ne5 Re8 14. g4 Bh7 15.
Bg3 Qb6 16. b4 Nxe5 17. dxe5 Nd5 18. Na4 Qc7 19. c4 Nb6 20. Nc5 Bxc5 21. bxc5
Na4 22. Rd6 Qa5 23. g5 hxg5 24. f4 Qxc5+ 25. Kh1 g4 26. Qxg4 Qxc4 27. Bh4 Nc5
28. Bf6 Bg6 29. h4 Ne4 30. Rf3 gxf6 31. h5 f5 32. Qh4 Kg7 33. h6+ Kh7 0-1

[Event "Lichtenrader Herbst"]
[Site "Berlin-Lichtenrade"]
[Date "2015.10.26"]
[Round "3.4"]
[White "Romanishin, Oleg M"]
[Black "Marzano, Carlo"]
[Result "1/2-1/2"]
[WhiteElo "2474"]
[BlackElo "2152"]
[PlyCount "107"]
[EventDate "2015.??.??"]

1. Nf3 d5 2. g3 c6 3. Bg2 Bg4 4. c4 e6 5. Qb3 Qb6 6. d3 Nd7 7. Be3 dxc4 8. Qxc4
Qxb2 9. Bd4 Qb4+ 10. Nbd2 f6 11. Rb1 Qxc4 12. Nxc4 e5 13. Be3 b6 14. Nfd2 Rc8
15. f4 exf4 16. Bxf4 Nh6 17. Bxh6 gxh6 18. Ne4 Rc7 19. O-O Be7 20. Ncd6+ Bxd6
21. Nxd6+ Ke7 22. Nf5+ Bxf5 23. Rxf5 Kf7 24. Bf3 Rg8 25. Rh5 Rg5 26. Rxh6 Kg7
27. Rh4 Ne5 28. Bg2 c5 29. Rf4 Rg4 30. Rc1 Re7 31. Rxg4+ Nxg4 32. Bf3 Ne5 33.
Be4 Nf7 34. Kf2 Nd6 35. Bf3 Nf5 36. g4 Nd4 37. Be4 h6 38. e3 Nb5 39. Kf3 Nd6
40. Bf5 Nb5 41. h4 Nc7 42. Be4 Nb5 43. a4 Nd6 44. Bf5 Rc7 45. d4 Kf7 46. e4 Ne8
47. Rd1 cxd4 48. Rxd4 Re7 49. Rd8 Kg7 50. Kf4 Nc7 51. g5 fxg5+ 52. hxg5 hxg5+
53. Kxg5 Na6 54. Rd1 1/2-1/2

[Event "Lichtenrader Herbst"]
[Site "Berlin-Lichtenrade"]
[Date "2015.10.26"]
[Round "3.5"]
[White "Kardoeus, David"]
[Black "Stremavicius, Titas"]
[Result "0-1"]
[WhiteElo "2170"]
[BlackElo "2466"]
[PlyCount "80"]
[EventDate "2015.??.??"]
[WhiteTeam "SV Werder Bremen"]
[BlackTeam "Kaunas Margiris"]

1. e4 c5 2. Nf3 Nc6 3. d4 cxd4 4. Nxd4 Nf6 5. Nc3 d6 6. Bg5 e6 7. Qd2 a6 8.
O-O-O Qb6 9. Bxf6 gxf6 10. Nb3 Bd7 11. f4 h5 12. Kb1 O-O-O 13. Be2 Kb8 14. Rhf1
Qa7 15. Qd3 Bc8 16. Qh3 h4 17. Bg4 b5 18. a3 Be7 19. f5 Ne5 20. Nd4 d5 21. exd5
exd5 22. Qe3 Qc7 23. Bf3 Bb7 24. Nb3 Nxf3 25. Qxf3 d4 26. Ne4 Qxh2 27. Na5 Ba8
28. Qf4+ Qxf4 29. Rxf4 Rdg8 30. Rh1 h3 31. Rxh3 Rxh3 32. gxh3 Rg1+ 33. Ka2 Bd5+
34. b3 Bd8 35. c4 Bxe4 36. Rxe4 Bxa5 37. b4 d3 38. Rd4 Bc7 39. Rxd3 bxc4 40.
Rc3 Rg2+ 0-1

[Event "Lichtenrader Herbst"]
[Site "Berlin-Lichtenrade"]
[Date "2015.10.26"]
[Round "3.6"]
[White "Malek, Daniel"]
[Black "Juhnke, Juergen"]
[Result "1-0"]
[WhiteElo "2426"]
[BlackElo "2185"]
[PlyCount "51"]
[EventDate "2015.??.??"]
[WhiteTeam "SK Zehlendorf"]
[BlackTeam "SK Lister Turm"]

1. d4 Nf6 2. c4 g6 3. Nc3 Bg7 4. e4 d6 5. Nf3 O-O 6. Be2 e5 7. O-O Na6 8. Be3
Ng4 9. Bg5 Qe8 10. dxe5 dxe5 11. Qc1 h6 12. Bh4 Kh7 13. Re1 c6 14. Bg3 h5 15.
a3 Nc5 16. Qc2 a5 17. h3 Nh6 18. b4 axb4 19. axb4 Rxa1 20. Rxa1 Ne6 21. Ra8 Qe7
22. c5 Nd4 23. Nxd4 exd4 24. Bd6 Qg5 25. Bxf8 Bxh3 26. Bf1 1-0

[Event "Lichtenrader Herbst"]
[Site "Berlin-Lichtenrade"]
[Date "2015.10.26"]
[Round "3.7"]
[White "Rettore, Ludwig"]
[Black "Baldauf, Marco"]
[Result "0-1"]
[WhiteElo "2109"]
[BlackElo "2404"]
[PlyCount "110"]
[EventDate "2015.??.??"]
[BlackTeam "SF 1903 Berlin"]

1. Nf3 c5 2. e4 d6 3. d4 cxd4 4. Nxd4 Nf6 5. Nc3 g6 6. Be3 Bg7 7. f3 O-O 8. Bc4
Nc6 9. Qd2 Bd7 10. O-O-O Rc8 11. Bb3 Nxd4 12. Bxd4 b5 13. Nd5 Nxd5 14. Bxg7
Kxg7 15. Bxd5 a5 16. a3 Rc5 17. h4 h6 18. h5 g5 19. f4 f6 20. fxg5 hxg5 21. h6+
Kh7 22. Qd3 Qc8 23. Rd2 Be8 24. Qb3 Bg6 25. Be6 Qc7 26. Bf5 Bxf5 27. exf5 a4
28. Qd3 Re5 29. g4 Rc8 30. Qh3 Qc4 31. Qh5 Qg8 32. Kb1 Qe8 33. Qh3 Rc4 34. Rg1
Qf7 35. Qf3 Rf4 36. Qb7 Rxg4 37. Rgd1 Rxf5 38. Rxd6 Re5 39. Rd8 Rge4 40. Qc8
Kxh6 41. Rf8 Qe6 42. Qe8 Kg7 43. Rh8 Rh4 44. Qf8+ Kg6 45. Rg8+ Kh5 46. Rh8+ Kg4
47. Rxh4+ gxh4 48. Qg7+ Rg5 49. Qh7 Qe3 50. Rd3 Qe1+ 51. Ka2 e5 52. Qd7+ f5 53.
Qxb5 h3 54. Qxa4+ e4 55. Qd4 h2 0-1

[Event "Lichtenrader Herbst"]
[Site "Berlin-Lichtenrade"]
[Date "2015.10.26"]
[Round "3.8"]
[White "Solys, Laimutis"]
[Black "Dimitrijeski, Kristian"]
[Result "1/2-1/2"]
[WhiteElo "2344"]
[BlackElo "2182"]
[PlyCount "86"]
[EventDate "2015.??.??"]
[WhiteTeam "Kaunas Margiris"]
[BlackTeam "SK König Tegel"]

1. d4 d5 2. c4 c6 3. cxd5 cxd5 4. Bf4 Nf6 5. Nc3 Nc6 6. e3 a6 7. Bd3 Bg4 8.
Nge2 e6 9. Qb3 Na5 10. Qa4+ Nc6 11. Rc1 Be7 12. a3 O-O 13. b4 b5 14. Qb3 Rc8
15. O-O Bh5 16. Bg3 Bg6 17. Nf4 Bxd3 18. Nxd3 Nh5 19. Ne2 Nxg3 20. hxg3 Qb6 21.
Nc5 Bxc5 22. Rxc5 Nb8 23. Rfc1 Rc6 24. Qc2 Rfc8 25. e4 dxe4 26. Qxe4 h6 27. Nf4
Rxc5 28. dxc5 Qc6 29. Qd3 Qd7 30. Qxd7 Nxd7 31. Nd3 Nb8 32. f4 Nc6 33. Kf2 Kf8
34. Ke3 Ke7 35. Ne5 f6 36. Nxc6+ Rxc6 37. Ke4 Rc8 38. f5 Rc6 39. g4 e5 40. Kd5
Kd7 41. Rc3 Kc7 42. Rc1 Kb7 43. Rc3 Kc7 1/2-1/2

[Event "Lichtenrader Herbst"]
[Site "Berlin-Lichtenrade"]
[Date "2015.10.26"]
[Round "3.9"]
[White "Zahn, Benno"]
[Black "Meister, Jakob"]
[Result "0-1"]
[WhiteElo "2105"]
[BlackElo "2437"]
[PlyCount "98"]
[EventDate "2015.??.??"]
[WhiteTeam "SV Hellas Nauen"]
[BlackTeam "SK Zehlendorf"]

1. e4 c5 2. Nf3 e6 3. d4 cxd4 4. Nxd4 a6 5. Bd3 Ne7 6. Nc3 Nbc6 7. Nf3 Ng6 8.
Qe2 Qc7 9. Be3 b5 10. O-O-O Be7 11. Rhe1 O-O 12. h4 Bb7 13. Ng5 Nce5 14. Kb1
Nxd3 15. cxd3 h6 16. Nf3 Rfc8 17. g3 Qa5 18. Qd2 b4 19. Ne2 Qh5 20. Nfd4 d5 21.
f3 dxe4 22. g4 Qa5 23. fxe4 Rd8 24. Rc1 Rac8 25. Rxc8 Rxc8 26. g5 h5 27. Ng3
Rd8 28. Rc1 Qe5 29. Nge2 Qd6 30. Bf2 Qd7 31. Nf4 Nxf4 32. Qxf4 Bd6 33. Qf3 Be5
34. Nb3 Qxd3+ 35. Qxd3 Rxd3 36. Nc5 Rd2 37. Rc2 Rd1+ 38. Rc1 Rxc1+ 39. Kxc1 Bc6
40. Nxa6 b3 41. axb3 Bxe4 42. Nc5 Bc6 43. Kc2 Kh7 44. Nd3 Bd6 45. Kc3 Kg6 46.
Kc4 Bd5+ 47. Kd4 Bxb3 48. Ne5+ Kf5 49. Nxf7 e5+ 0-1

[Event "Lichtenrader Herbst"]
[Site "Berlin-Lichtenrade"]
[Date "2015.10.26"]
[Round "3.10"]
[White "Bruedigam, Martin"]
[Black "Terhorst, Jochen"]
[Result "1/2-1/2"]
[WhiteElo "2375"]
[BlackElo "2166"]
[PlyCount "39"]
[EventDate "2015.??.??"]
[WhiteTeam "SK König Tegel"]
[BlackTeam "SC Jünkerath"]

1. e4 d6 2. d4 Nf6 3. Nc3 e5 4. dxe5 dxe5 5. Qxd8+ Kxd8 6. Bg5 Be6 7. O-O-O+
Nbd7 8. g3 Kc8 9. f4 exf4 10. gxf4 Bg4 11. Be2 Bb4 12. Bxf6 Nxf6 13. Nd5 Bxe2
14. Nxe2 Nxd5 15. Rxd5 c6 16. Rf5 Rf8 17. Rh5 Rh8 18. Rf5 Rf8 19. Rh5 Rh8 20.
Rf5 1/2-1/2

[Event "Lichtenrader Herbst"]
[Site "Berlin-Lichtenrade"]
[Date "2015.10.26"]
[Round "3.11"]
[White "Boettcher, Patrick"]
[Black "Muse, Mladen"]
[Result "1-0"]
[WhiteElo "2152"]
[BlackElo "2380"]
[PlyCount "127"]
[EventDate "2015.??.??"]
[WhiteTeam "SC Zitadelle Spandau"]
[BlackTeam "SK König Tegel"]

1. d4 Nf6 2. c4 e6 3. Nf3 b6 4. a3 Bb7 5. Nc3 d5 6. cxd5 Nxd5 7. Qc2 Be7 8. Bd2
O-O 9. e4 Nxc3 10. Bxc3 Nd7 11. Rd1 Qc8 12. Qb1 c5 13. Bd3 cxd4 14. Bxd4 Nc5
15. Bc2 Ba6 16. b4 Nd7 17. Bd3 Bxd3 18. Qxd3 Rd8 19. O-O a5 20. Qe3 axb4 21.
axb4 Qc6 22. Rb1 Qb5 23. Bc3 Ra3 24. Rfc1 Nf6 25. Qe1 Ra2 26. Nd4 Qa4 27. Ra1
Rxa1 28. Rxa1 Qd7 29. b5 Bc5 30. Nc6 Rc8 31. Qe2 h6 32. Rd1 Qe8 33. Bxf6 gxf6
34. Qg4+ Kh7 35. Qf4 Qh8 36. h4 Rg8 37. Rd7 Kg7 38. Qg3+ Kh7 39. Rxf7+ Rg7 40.
h5 Kg8 41. Qb8+ Kh7 42. Qxh8+ Kxh8 43. Rxf6 Kh7 44. Rxe6 Rf7 45. Ne5 Rxf2 46.
Nd3 Rf5+ 47. Nxc5 Rxc5 48. Rxb6 Re5 49. Rb7+ Kg8 50. Kf2 Rxe4 51. Kf3 Rb4 52.
b6 Kf8 53. Rb8+ Kg7 54. Ke3 Kf7 55. Kd3 Kg7 56. Kc3 Rb5 57. Kc4 Rb2 58. g4 Rg2
59. Kc5 Rc2+ 60. Kd6 Rd2+ 61. Kc7 Rc2+ 62. Kb7 Rc4 63. Rc8 Rb4 64. Rc7+ 1-0

[Event "Lichtenrader Herbst"]
[Site "Berlin-Lichtenrade"]
[Date "2015.10.26"]
[Round "3.12"]
[White "Chkhaidze, Nikoloz"]
[Black "Potseluev, Sergey"]
[Result "0-1"]
[WhiteElo "2323"]
[BlackElo "2085"]
[PlyCount "80"]
[EventDate "2015.??.??"]

1. e4 c6 2. Nc3 g6 3. d4 Bg7 4. h3 Nf6 5. Be3 b5 6. e5 Nd5 7. Nxd5 cxd5 8. c3
b4 9. cxb4 O-O 10. Nf3 d6 11. Qb3 Bb7 12. Be2 Nc6 13. exd6 Qxd6 14. a3 f6 15.
O-O e5 16. dxe5 fxe5 17. Bc5 Qd7 18. Bxf8 Rxf8 19. Rfd1 Ne7 20. Rac1 Kh8 21.
Rc5 e4 22. Nd4 Nf5 23. Nxf5 Qxf5 24. Qe3 Qf6 25. Rc7 d4 26. Qg3 Ba8 27. h4 Bh6
28. Rxa7 d3 29. Bf1 Bf4 30. Qh3 Bb8 31. Qe3 Bf4 32. Qc5 e3 33. Qe7 exf2+ 34.
Kh1 Qxe7 35. Rxe7 d2 36. Re2 Bg3 37. Rxf2 Rxf2 38. b5 Bd5 39. b6 Bb3 40. b7
Bxd1 0-1

[Event "Lichtenrader Herbst"]
[Site "Berlin-Lichtenrade"]
[Date "2015.10.26"]
[Round "3.13"]
[White "Feikes, Joerg"]
[Black "Muse, Drazen"]
[Result "0-1"]
[WhiteElo "2022"]
[BlackElo "2393"]
[PlyCount "54"]
[EventDate "2015.??.??"]
[BlackTeam "SK König Tegel"]

1. e4 Nc6 2. d4 d5 3. Nc3 e5 4. Nxd5 exd4 5. Nf3 Nf6 6. Nxf6+ Qxf6 7. Bg5 Qg6
8. Bb5 h6 9. Bh4 Qxe4+ 10. Kf1 Bc5 11. Qd2 O-O 12. Re1 Qd5 13. c4 Qd6 14. a3 a5
15. Bxc6 Qxc6 16. Nxd4 Qb6 17. Nb5 Be6 18. Qf4 Rac8 19. Bg3 Rfe8 20. b3 g5 21.
Qf3 a4 22. Qc3 axb3 23. Rb1 c6 24. Nd6 Bxd6 25. Bxd6 Rcd8 26. Qg3 Bxc4+ 27. Kg1
Qd4 0-1